21st Century Challenges for the Global Muslim Community / (Record no. 25476)

MARC details
000 -LEADER
fixed length control field 00527nam a22001817a 4500
003 - CONTROL NUMBER IDENTIFIER
control field BDDh-ASL
005 - DATE AND TIME OF LATEST TRANSACTION
control field 20231015030506.0
008 - FIXED-LENGTH DATA ELEMENTS--GENERAL INFORMATION
fixed length control field 210717s2008 bg ||||| |||| 00| 0 eng d
040 ## - CATALOGING SOURCE
Transcribing agency BDDh-ASL
082 ## - DEWEY DECIMAL CLASSIFICATION NUMBER
Classification number 297.8
Item number CEN
245 00 - TITLE STATEMENT
Title 21st Century Challenges for the Global Muslim Community /
260 ## - PUBLICATION, DISTRIBUTION, ETC.
Place of publication, distribution, etc. Dhaka:
Name of publisher, distributor, etc. Renaissance Foundation,
Date of publication, distribution, etc. 2008.
300 ## - PHYSICAL DESCRIPTION
Extent x, 195 p. :
Dimensions 23 cm.
650 #0 - SUBJECT ADDED ENTRY--TOPICAL TERM
9 (RLIN) 2871
Topical term or geographic name entry element Muslim Communities
General subdivision Islam
700 1# - ADDED ENTRY--PERSONAL NAME
9 (RLIN) 4213
Personal name Farid, Ahmed
700 1# - ADDED ENTRY--PERSONAL NAME
9 (RLIN) 4114
Personal name Khan, Niaz Ahmed
942 ## - ADDED ENTRY ELEMENTS (KOHA)
Source of classification or shelving scheme Dewey Decimal Classification
Koha item type Books
Holdings
Withdrawn status Lost status Source of classification or shelving scheme Damaged status Not for loan Collection code Home library Current library Shelving location Date acquired Source of acquisition Total Checkouts Full call number Barcode Date last seen Copy number Price effective from Koha item type
    Dewey Decimal Classification     Non-fiction Asiatic Society Library Asiatic Society Library Sirajul Islam Collection 07/17/2021 Donated by Professor Sirajul Islam   297.8 CEN 110269 07/17/2021 C-1 07/17/2021 Books

Powered by Koha